00663 2200181 4500245008100000020001800081250001100099100001100110700001700121650002000138005001900158260002800177041001400205084001100219300002300230500021900253336000900472 aAkuntansi Pajak b : Sesuai dengan Undang - undang Pajak BarucGunadihText a979-669-073-x aCet. 9 aGunadi aDjony Herfan aAkuntansi Pajak a20231004145708 aJakartabGrasindoc2005 aIndonesia a657.46 a234 hlm. :c21 cm. aBuku ini menjelaskan peningnya pemahaman akuntansi pajak, yang secara khusus bertujuan menyajikan laporan keuangan dan informasi finansial yang lain kepada administrasi pajak sebagai pemenuhan kewajiban perpajakan. atext